000 00871nam a2200277Ia 4500
003 OSt
005 20221007121356.0
006 a|||||r|||| 00| 0
007 ta
008 221006b |||||||| |||| 00| 0 eng d
024 _a194818
037 _b48, 03/11/2015, Deepika book agency
_cTextual
040 _aBDL
_cBDL
_beng
041 _2eng
_aeng
082 _aI:4, P8 Carb
100 _aTripathi DP
_9445889
245 0 _aPlant pathology at a glance
260 _aNew
_bDelhi Scientific Publishers
_c2008
300 _aviii, 615p. ill.
_ccm.
500 _aGlossary 586-613p.; Print 2013
650 _a Abiotic pant pathogens
_9711698
650 _a Viral diseases of crops
_9711699
650 _aSeed pathology
_9711700
942 _hI:4, P8 Carb
_cTEXL
_2CC
999 _c1208805
_d1208805